State laws affecting working women. (Record no. 35597)

MARC details
000 -LEADER
fixed length control field 01217cam a22003131 4500
001 - CONTROL NUMBER
control field l 22000016
003 - CONTROL NUMBER IDENTIFIER
control field DLC
005 - DATE AND TIME OF LATEST TRANSACTION
control field 20260227111527.0
007 - PHYSICAL DESCRIPTION FIXED FIELD--GENERAL INFORMATION
fixed length control field cr_|||||||||||
008 - FIXED-LENGTH DATA ELEMENTS--GENERAL INFORMATION
fixed length control field 800521s1921 dcuab f000 0 engdc
010 ## - LIBRARY OF CONGRESS CONTROL NUMBER
LC control number l 22000016
035 ## - SYSTEM CONTROL NUMBER
System control number (OCoLC)6342871
040 ## - CATALOGING SOURCE
Original cataloging agency U.S. Dept. of labor. Library
Transcribing agency OCl
Modifying agency DLC
050 00 - LIBRARY OF CONGRESS CALL NUMBER
Classification number HD6093
Item number .A3
082 ## - DEWEY DECIMAL CLASSIFICATION NUMBER
Classification number 331.4
110 1# - MAIN ENTRY--CORPORATE NAME
Corporate name or jurisdiction name as entry element United States.
Subordinate unit Women's Bureau.
245 10 - TITLE STATEMENT
Title State laws affecting working women.
260 ## - PUBLICATION, DISTRIBUTION, ETC.
Place of publication, distribution, etc. Washington,
Name of publisher, distributor, etc. Govt. print. off.,
Date of publication, distribution, etc. 1921.
300 ## - PHYSICAL DESCRIPTION
Extent 51 p.
Other physical details col. maps, fold. tables.
Dimensions 23 cm.
490 0# - SERIES STATEMENT
Series statement Bulletin,
Volume/sequential designation no. 16
500 ## - GENERAL NOTE
General note At head of title: U.S. Department of labor. James J. Davis, secretary. Mary Anderson, director.
500 ## - GENERAL NOTE
General note "This material has been prepared by Mrs. Mildred J. Gordon."--Letter of transmittal.
530 ## - ADDITIONAL PHYSICAL FORM AVAILABLE NOTE
Additional physical form available note A digital reproduction is available from the Open Collections Program at Harvard University, Women and work collection.
650 #0 - SUBJECT ADDED ENTRY--TOPICAL TERM
Topical term or geographic name entry element Women
General subdivision Employment
Geographic subdivision United States.
650 #0 - SUBJECT ADDED ENTRY--TOPICAL TERM
Topical term or geographic name entry element Labor laws and legislation
Geographic subdivision United States.
650 #0 - SUBJECT ADDED ENTRY--TOPICAL TERM
Topical term or geographic name entry element Hours of labor
Geographic subdivision United States.
700 1# - ADDED ENTRY--PERSONAL NAME
Personal name Gordon, Mildred J.
856 41 - ELECTRONIC LOCATION AND ACCESS
Uniform Resource Identifier <a href="http://nrs.harvard.edu/urn-3:HBS.BAKER:136853">http://nrs.harvard.edu/urn-3:HBS.BAKER:136853</a>

No items available.

Powered by Koha